00416 2200169 4500245005200000020002200052250001100074100002100085700002000106650001700126005001900143260002600162041001400188084000800202300002700210336000900237 aThe Best of Cado - cadocFerdiriva HamzahhText a978-602-220-198-4 aCet. 1 aFerdiriva Hamzah aSyafial Rustama aNovel Komedi a20230120150942 aJakartabBukunec2016 aIndonesia a813 avi, 306 hlm. :c19 cm. atext